000 00715nam a2200193 i 4500
001 48348
003 ES-MaACL
005 20230906161734.0
007 t|
008 950714s1875 fr |||| | fre d
100 1 _aDaru, Charles.
_942764
245 1 0 _aAdoption, éducation et correction des enfants pauvres, abandonnés, orphelins ou vicieux /
_cpar le baron Charles Daru et Victor Bournat.
260 _aParis :
_bCharles Douniol et Cie.,
_c1875 (
_fImp. Victor Goupy)
300 _a[6], 632 p. ;
_c23 cm.
650 1 4 _aNiños-
_xAsistencia institucional.
_9167009
650 4 _aProtección de menores-
_zFrancia.
_9165576
700 1 _aBournat, Victor.
_931010
852 _aES-MaACL
_jD-218
_z. - Donativo Lastres
999 _c48348
_d48348